Food in Other Words II Quiz Stats

 Plays Quiz Updated Nov 24, 2015

Score 0/20 Timer 04:00
2 Plays Today
% Correct
Scotch
91.1%
Gyro
87.5%
Tea
87.2%
Cake
86.6%
Egg
86.3%
Pea
86.2%
Apple
85.5%
Pie
85.4%
Rice
84.2%
Fish
83.7%
% Correct
Plum
83.6%
Beet
80.5%
Roll
80.4%
Ham
80.1%
Chive
79.4%
Nut
78.9%
Pizza
77.7%
Fries
72.9%
Soda
72.5%
Ramen
69.8%

You're not logged in!

Compare scores with friends on all Sporcle quizzes.
OR
Log In

Sporcle TV

Today on Sporcle TV


Watch our educational content, quiz creation guides, and fun videos on Sporcle TV.

Show Comments

Extras

Top Quizzes Today


Score Distribution

Your Account Isn't Verified!

In order to create a playlist on Sporcle, you need to verify the email address you used during registration. Go to your Sporcle Settings to finish the process.

Report this User

Report this user for behavior that violates our Community Guidelines.

Details: